Csák Gyula Ember a kövön /

Elmentve itt :
Bibliográfiai részletek
Szerző: Krajkó András
További közreműködők: Csák Gyula
Dokumentumtípus: Cikk
Megjelent: 1969
Sorozat:Tiszatáj 23 No. 12
Kulcsszavak:Magyar irodalom - könyvismertetés
Online Access:http://tiszataj.bibl.u-szeged.hu/6174
LEADER 00623nab a2200193 i 4500
001 tisza6174
005 20200330130934.0
008 170516s1969 hu o 0|| hun d
022 |a 0133-1167 
040 |a SZTE Tiszatáj Archívum  |b hun 
041 |a hun 
100 1 |a Krajkó András 
245 1 0 |a Csák Gyula   |h [elektronikus dokumentum] :  |b Ember a kövön /  |c  Krajkó András 
260 |c 1969 
300 |a 1124-1126 
490 0 |a Tiszatáj  |v 23 No. 12 
695 |a Magyar irodalom - könyvismertetés 
700 0 1 |a Csák Gyula 
856 4 0 |u http://tiszataj.bibl.u-szeged.hu/6174/1/tiszataj_1969_012_1124-1126.pdf  |z Dokumentum-elérés